LEADER 01209nam--2200409---450- 001 990000941100203316 005 20050627182512.0 010 $a88-85920-02-0 035 $a0094110 035 $aUSA010094110 035 $a(ALEPH)000094110USA01 035 $a0094110 100 $a20020204d1989----km-y0itay0103----ba 101 $aita 102 $aIT 105 $a||||||||001yy 200 1 $a<> segno del soggetto$fa cura di Erminia Macola, Luca Marcheselli$g[scritti di] A. Cancellier...et al. 210 $aTrieste$cEditre$d1989 215 $a194 p$d21 cm 225 2 $aRicerche interdisciplinari 410 $12001$aRicerche interdisciplinari 606 0 $aLinguaggio$xSaggi 676 $a400 702 1$aMACOLA,$bErminia 702 1$aMARCHESELLI,$bLucia 702 1$aCANCELLIER,$bAntonella 801 0$aIT$bsalbc$gISBD 912 $a990000941100203316 951 $aIV.2. 1174(IV C 2470)$b103181 LM$cIV C 959 $aBK 969 $aUMA 979 $aPATTY$b90$c20020204$lUSA01$h1222 979 $c20020403$lUSA01$h1737 979 $aPATRY$b90$c20040406$lUSA01$h1705 979 $aCOPAT2$b90$c20050627$lUSA01$h1825 996 $aSegno del soggetto$9973623 997 $aUNISA LEADER 01760nam0 22004693i 450 001 VAN0268046 005 20231128033755.452 017 70$2N$a9781475743852 100 $a20231128d1977 |0itac50 ba 101 $aeng 102 $aUS 105 $a|||| ||||| 200 1 $aˆA ‰Course in Mathematical Logic$fYu. I. Manin$gTranslated from the Russian by Neal Koblitz 210 $aNew York$cSpringer$d1977 215 $axiii, 288 p.$cill.$d24 cm 410 1$1001VAN0023579$12001 $aGraduate texts in mathematics$1210 $aNew York [etc.]$cSpringer$v53 500 1$3VAN0268047$aLekcii po matemati?eskoj logike$93597407 610 $aBoundary Element Methods$9KW:K 610 $aComputability$9KW:K 610 $aForcing$9KW:K 610 $aFormal languages$9KW:K 610 $aForms$9KW:K 610 $aFunctions$9KW:K 610 $aLanguage$9KW:K 610 $aLogic$9KW:K 610 $aMathematical logic$9KW:K 610 $aMathematics$9KW:K 610 $aPresentation$9KW:K 610 $atheory of complexity$9KW:K 620 $aUS$dNew York$3VANL000011 700 1$aManin$bYuri I.$3VANV041568$049026 702 1$aKoblitz$bNeal$3VANV022032$4730 712 $aSpringer $3VANV108073$4650 790 1$aManin, Yuri Ivanovich$zManin, Yuri I.$3VANV050854 790 1$aManin, Ju. I.$zManin, Yuri I.$3VANV220270 801 $aIT$bSOL$c20240614$gRICA 899 $aBIBLIOTECA DEL DIPARTIMENTO DI MATEMATICA E FISICA$1IT-CE0120$2VAN08 912 $fN 912 $aVAN0268046 950 $aBIBLIOTECA DEL DIPARTIMENTO DI MATEMATICA E FISICA$d08CONS e-book 7360 $e08eMF7360 20231204 996 $aLekcii po matemati?eskoj logike$93597407 997 $aUNICAMPANIA